Statistics for Top 100 best football players of 1980s

Click here to take the quiz!

General Stats

  • This quiz has been taken 70 times
  • The average score is 43 of 100

Answer Stats

CountryHintAnswer% Correct
ArgentinaForward, Napoli, World Cup 1986Diego Armando Maradona
98%
FranceMidfielder/Forward, Juventus, 3 Ballon d'OrMichel Platini
77%
NetherlandsStriker, AC Milan, 3 Ballon d'OrMarco van Basten
73%
DenmarkGoalkeeper, Manchester UnitedPeter Schmeichel
73%
NetherlandsMidfielder, AC Milan, Ballon d'Or 1987Ruud Gullit
73%
BrazilForward, Corinthians, FiorentinaSocrates
73%
GermanyMidfielder, Bayer Munich, Inter Milan, Ballon d'Or 1990Lothar Matthäus
70%
ItalyGoalkeeper, Juventus, World Cup 1982Dino Zoff
69%
ItalyStriker, Juventus, Ballon d'Or 1982Paolo Rossi
69%
RomaniaForward, Galatasaray, Real Madrid, BarcelonaGheorghe Hagi
67%
GermanyStriker, Inter Milan, Tottenham, World Cup 1990Jürgen Klinsmann
67%
ItalyDefender, AC Milan, 5 Champions LeaguePaolo Maldini
67%
BrazilMidfielder, Udinese, FlamengoZico
67%
NetherlandsDefensive midfielder, AC Milan, 2 Champions LeagueFrank Rijkaard
66%
EnglandStriker, Tottenham, BarcelonaGary Lineker
66%
BulgariaForward, Barcelona, Ballon d'Or 1994Hristo Stoichkov
66%
MexicoStriker, Real MadridHugo Sanchez
66%
WalesStriker, LiverpoolIan Rush
66%
GermanyForward, Bayern Munich, Inter Milan, 2 Ballon d'OrKarl-Heinz Rummenigge
66%
DenmarkForward, Juventus, BarcelonaMichael Laudrup
66%
BrazilStriker, PSV, Barcelona, World Cup 1994Romario
66%
ItalyDefender, AC Milan, World Cup 1982Franco Baresi
64%
ArgentinaStriker, Valencia, World Cup 1978Mario Kempes
64%
CameroonForward famous for his performances in World Cup 1990Roger Milla
64%
NetherlandsDefender, Barcelona, Champions League 1992Ronald Koeman
64%
ArgentinaDefender, Fiorentina, Inter Milan, World Cup 1978Daniel Passarella
59%
EnglandForward, Liverpool, Hamburger, 2 Ballon d'OrKevin Keegan
59%
EnglandGoalkeeper, Nottingham Forest, SouthamptonPeter Shilton
58%
FranceForward, Marseille, AC Milan, Ballon d'Or 1991Jean-Pierre Papin
56%
ScotlandForward, Liverpool, 3 Champions LeagueKenny Dalglish
56%
ColombiaMidfielder famous for his haircutCarlos Valderrama
55%
GermanyStriker, Roma, Werder Brema, World Cup 1990Rudi Voller
53%
SpainStriker, Real MadridEmilio Butragueño
52%
GhanaForward, MarseilleAbedi Pelé
50%
BrazilForward, Flamengo, Deportivo La Coruña, World Cup 1994Bebeto
50%
GermanyFull-back, Bayern Munich, World Cup 1974Paul Breitner
50%
PolandForward, Juventus, Roma, Champions League 1985Zbigniew Boniek
50%
ItalyDefender, AC Milan, 5 Champions LeagueAlessandro Costacurta
48%
GermanyFull-back, Inter Milan, World Cup 1990Andreas Brehme
48%
GermanyGoalkeeper, KolnHarald Schumacher
47%
UkraineForward, Dynamo Kyiv, Ballon d'Or 1975Oleg Blokhin
45%
EnglandMidfielder, Manchester UnitedBryan Robson
44%
FranceMidfielder, Bordeaux, LyonJean Tigana
44%
ArgentinaMidfielder, Tottenham, World Cup 1978Osvaldo Ardiles
44%
GermanyMidfielder, Real Madrid, BarcelonaBernd Schuster
42%
ItalyFull-back, Juventus, World Cup 1982Claudio Gentile
41%
BelgiumMidfielder, Anderlecht, Inter MilanEnzo Scifo
41%
ItalyDefender, Inter Milan, World Cup 1982Giuseppe Bergomi
41%
BrazilForward, NapoliCareca
39%
ItalyDefender, Juventus, World Cup 1982Gaetano Scirea
39%
ScotlandMidfielder, Liverpool, 3 Champions LeagueGraeme Souness
39%
ArgentinaForward, Real Zaragoza, Real Madrid, World Cup 1986Jorge Valdano
39%
FranceMidfielder, Bordeaux, MarseilleAlain Giresse
38%
SpainGoalkeeper, Barcelona, Champions League 1992Andoni Zubizarreta
38%
MontenegroForward, Red Star, AC Milan, 2 Champions LeagueDejan Savićević
38%
BrazilMidfielder, RomaPaulo Roberto Falcão
38%
PolandForward, 2 times third at World CupGrzegorz Lato
36%
ArgentinaMidfielder/Forward, Independiente, Nantes, World Cup 1986Jorge Burruchaga
36%
BrazilFull-back, Torino, FlamengoJúnior
36%
BelgiumGoalkeeper, Mechelen, BenficaMichel Preud'homme
36%
EnglandFull-back, Liverpool, 4 Champions LeaguePhil Neal
36%
ScotlandDefender, Liverpool, 3 Champions LeagueAlan Hansen
34%
ItalyFull-back, Juventus, World Cup 1982Antonio Cabrini
34%
EnglandMidfielder, TottenhamGlenn Hoddle
34%
BelgiumGoalkeeper, Bayern MunichJean-Marie Pfaff
34%
GermanyMidfielder, Koln, World Cup 1990Pierre Littbarski
34%
EnglandGoalkeeper, Liverpool, Tottenham, 3 Champions LeagueRay Clemence
33%
ItalyStriker, Inter Milan, World Cup 1982Alessandro Altobelli
31%
ItalyWinger, Roma, World Cup 1982Bruno Conti
31%
ItalyWinger, AC Milan, 3 Champions LeagueRoberto Donadoni
31%
BrazilStriker, Atletico Mineiro, GremioEder
30%
UkraineForward, Dynamo Kyiv, Ballon d'Or 1986Igor Belanov
30%
ItalyMidfielder, Juventus, World Cup 1982Marco Tardelli
30%
UruguayForward, River Plate, CagliariEnzo Francescoli
28%
DenmarkForward, Hellas VeronaPreben Elkjaer
28%
DenmarkMidfielder, Ajax, Bayern MunichSøren Lerby
28%
BrazilMidfielder, Sampdoria, RomaToninho Cerezo
28%
BelgiumDefender, Standard Liege, PSV, Champions League 1988Eric Gerets
27%
GermanyMidfielder, Kaiserslautern, Hellas VeronaHans-Peter Briegel
27%
NetherlandsGoalkeeper, PSV, Champions League 1988Hans van Breukelen
27%
PortugalForward, Porto, Atletico Madrid, Champions League 1987Paulo Futre
27%
GermanyMidfielder, Hamburger, Champions League 1983Felix Magath
25%
GermanyFull-back, Hamburger, Champions League 1983Manfred Kaltz
25%
FranceDefender, Marseille, BordeauxMarius Trésor
25%
GermanyDefender, Borussia Mönchengladbach, Real MadridUli Stielike
25%
North MacedoniaStriker, Red Star, Inter Milan, Champions League 1991Darko Pančev
23%
BelgiumMidfielder, Club BruggeJan Ceulemans
23%
SpainMidfielder, Real MadridMíchel
23%
FranceDefender, Monaco, MarseilleManuel Amoros
20%
AustriaMidfielder, Inter Milan, Austria WienHerbert Prohaska
19%
SerbiaForward/Midfielder, Red Star, MarseilleDragan Stojković
17%
GermanyForward, Stuttgart, Bayern MunichDieter Hoeneß
16%
GermanyDefender, Stuttgart, MarseilleKarlheinz Förster
14%
RussiaGoalkeeper, Spartak MoscowRinat Dasayev
14%
SpainDefender, Real MadridJosé Antonio Camacho
13%
SpainStriker, Real MadridSantillana
13%
UkraineMidfielder, Dynamo KyivOleksandr Zavarov
11%
PortugalStriker, Porto, Champions League 1987Fernando Gomes
9%
BelgiumForward, Anderlecht, LilleErwin Vandenbergh
6%
UkraineDefensive midfielder, Dynamo KyivOleksiy Mykhaylychenko
2%

Score Distribution

Percentile by Number Answered

Percent of People with Each Score

Your Score History

You have not taken this quiz